| 000 | 00376nam a22001217a 4500 | ||
|---|---|---|---|
| 082 |
_a388.3142 _bIMP _cD |
||
| 245 | _aImproved methods for vehicle countin and determining vehicle miles of travel | ||
| 260 |
_aWashigton.: _bThe World Bank _c1982 |
||
| 300 |
_avi, 130 p, : _bill, : _c24 Cm |
||
| 526 |
_a0 _b0 _c0 _d388_314200000000000_IMP |
||
| 650 |
_aMC _938672 |
||
| 942 |
_2ddc _cBK |
||
| 999 |
_c543310 _d543310 |
||